Metodología concertada de la formación continua en los convenios colectivos proyecto FORCE E/93/B/1/3259/Q-FPC

Enregistré dans:
Détails bibliographiques
Format: Livre
Langue:espagnol
allemand
Publié: Valencia CIERVAL 1994
Sujets:
Tags: Ajouter un tag
Pas de tags, Soyez le premier à ajouter un tag!

MARC

LEADER 00000nam a2200000 4500
001 c129964
005 20221123112551.9
041 0 |a spa 
041 0 |a ger 
044 |a ES 
245 1 0 |a Metodología concertada de la formación continua en los convenios colectivos  |b proyecto FORCE E/93/B/1/3259/Q-FPC 
264 1 |a Valencia  |b CIERVAL  |c 1994 
300 |a 158 s. 
610 2 0 |a zmluvy kolektívne 
610 2 0 |a vzťahy pracovnoprávne 
610 2 0 |a práca 
610 2 0 |a zamestnanci